000 00884nam a2200289 i 4500
001 C2-0335647
003 PPAK
005 20201129124239.0
008 160216s2006 my ao||j ||||| | 1 may d
020 _a9789838524506
_cRM10.00 (Harga Denda)
_qhardback
040 _aPPAK
_beng
_cPPAK
_erda
082 0 4 _a899.233
_223
082 0 4 _a899.2333
_223
090 0 0 _a899.233
_bKHA
_dK
090 2 0 _a899.2333
_bKHA
_dK
100 0 _aKhadijah Hashim,
_eauthor.
245 1 0 _aHELAH SI BANGAU TUA /
_cKhadijah Hashim
264 1 _aShah Alam, Selangor :
_b'K' Publishing Sdn. Bhd. ,
_c2006
300 _a44 pages :
_bcolour illustrations ;
_c27 cm
336 _2rdacontent
_atext
337 _2rdamedia
_aunmediated
338 _2rdacarrier
_avolume
490 1 _aSiri Teladan dari Rimba
650 1 0 _aChildren's stories, Malay
830 0 _aSiri teladan dari rimba
942 _cB
_2ddc
999 _c133778
_d133778